000 00535nam a2200205Ia 4500
999 _c36824
_d36824
001 2767
003 GE_BSU
005 20200227110105.0
008 181216s2005||||enk|||||||||||||| ||eng||
020 _a9994077198
040 _cGE_BSU
041 _aeng
_hgeo
080 _a591(479.22) G-27
100 _aGavashelishvili, Lexo
_97540
245 _aVultures of Georgia and the Caucasus.
264 _aTbilisi,
_c2005
300 _a96 p.
653 _aსაქართველო და კავკასია
942 _cBK
_2udc